Paul Thomas Anderson Movies - Statistics

General Stats
  • This quiz has been taken 129 times
  • The average score is 8 of 10
Answer Stats
Release Year Answer % Correct
2007 There Will Be Blood
92%
2025 One Battle After Another
91%
1999 Magnolia
88%
2021 Licorice Pizza
86%
2017 Phantom Thread
83%
2012 The Master
82%
2002 Punch-Drunk Love
80%
2014 Inherent Vice
76%
1996 Hard Eight
65%
1997 Boogie Nights
54%
No matching quizzes found
Score Distribution
Percent of People with Each Score
Percentile by Number Answered
Your Score History
You have not taken this quiz